00852nam a22002297a 4500999001500000003000900015008004100024040007100065082001800136100001700154245001300171260002600184300002800210505016500238650002000403650002400423650003100447700002200478942001600500945000800516952009800524 c4872d4872AR-CdUCM190311b ||||| |||| 00| 0 spa d aMUNICIPALIDAD PROVINCIAL DEL CUSCOcBIBLIOTECA MUNICIPAL DEL CUSCO a321.07 /bM83 aN. A. Rufino aUtopia / aBuenos Aires :bTor , a125 páginas ;c18 cm. aContenido : Tomás Moro -- Noticia, Juicio y Recomendacion de la "Utopía" y de Thomas More -- Thomas More a Pedro Egidio -- Libro Primero -- Libro Segundo... aHumanismo92496 aRacionalidad914981 aFilosofia Analitica914982 aTomas Moro914983 2ddccLIBROS artm 002ddc4070aSHbSHcCARTd2019-03-11g10.00o321.07 / M83pSH0000005317r2019-03-11yLIBROS